[Event "Olympiad Women 2024"]
[Site "Budapest HUN"]
[Date "2024.09.20"]
[Round "9.58"]
[Board "4"]
[White "Darweeche, Roaa"]
[Black "Oseguera, Suhey"]
[Result "1-0"]
[WhiteElo "1557"]
[BlackElo "1590"]
[PlyCount "117"]
[EventDate "2024.09.11"]
[WhiteTeam "Lebanon"]
[BlackTeam "Honduras"]
[WhiteTeamCountry "LBN"]
[BlackTeamCountry "HON"]

1. d4 d5 2. Bf4 c6 3. c3 Bf5 4. Nd2 ({RR} 4. h3 e6 5. Nd2 Nd7 6. Bh2 h6 7. e3 Bh7 8. Be2 Be7 9. Ngf3 Ngf6 10. O-O O-O 11. Kh1 Kh8 12. a4 {½-½ Shimanov,A (2591)-Chigaev,M (2494) St Petersburg blitz prelim 2014 (11)}) 4... e6 ({RR} 4... Nd7 5. e3 Ngf6 6. h3 Qb6 7. Qb3 e6 8. Ngf3 Be7 9. Nh4 Bg6 10. Nxg6 hxg6 11. Bd3 Bd8 12. O-O Bc7 13. Qxb6 Bxb6 14. e4 Nxe4 15. Nxe4 dxe4 16. Bxe4 Nf6 17. Bf3 Nd5 18. Bd2 O-O-O 19. b4 {½-½ Santos Flores,A (2164)-Skvortsov,A (2313) Titled Tue 4th Apr Late 2023 (9)}) 5. Ngf3 Bd6 6. Bg3 Bxg3 $146 ({RR} 6... Nf6 7. e3 h6 8. Ne5 O-O 9. Ndf3 Ne4 10. Nd2 Nxg3 11. hxg3 Bxe5 12. dxe5 Nd7 13. g4 Bg6 14. Nf3 Be4 15. Rh5 f6 16. Nd4 Qe7 17. exf6 Qxf6 18. f3 c5 19. Nxe6 Qxe6 20. fxe4 Nf6 21. Rxd5 {0-1 Dangelowski,P (1757)-Klein,F (2148) Hamburg Junge op 2005 (1)}) ({RR} 6... Nf6 7. Qb3 b6 8. e3 O-O 9. Be2 Bxg3 10. hxg3 c5 11. Nh4 Bg6 12. Nxg6 hxg6 13. dxc5 bxc5 14. Qa4 Re8 15. Qh4 Kf8 16. O-O-O Nc6 17. e4 Rb8 18. exd5 exd5 19. Bf3 Ne5 20. Nf1 Qb6 21. b3 {0-1 Koellner,A (1935)-Thomas,I (2095) Heusenstamm Sparkassen op-A 4th 2017 (6)}) 7. hxg3 Nf6 8. Nh4 Bg4 9. Qb3 Qc7 10. O-O-O Nbd7 11. f3 c5 12. fxg4 cxd4 13. Kb1 Nxg4 14. Rc1 Rc8 15. Nhf3 O-O 16. Qc2 g6 17. cxd4 Qxg3 18. Qa4 Rxc1+ 19. Kxc1 Rc8+ 20. Kb1 Qc7 21. a3 Nb6 22. Qb5 Ne3 23. Ka2 a6 24. Qb3 Nbc4 25. Nxc4 Qxc4 26. Qxc4 Rxc4 27. Kb1 f6 28. g3 Nf5 29. Bh3 Rc6 30. Bxf5 gxf5 31. Rc1 h5 32. Rh1 b5 33. Rxh5 a5 34. Rh1 Kf7 35. Rh7+ Kg6 36. Rb7 Kh5 37. Rxb5 Kg4 38. Rxa5 Kxg3 39. Rc5 Rb6 40. b4 Kf2 41. Rc2 Ke3 42. Kb2 Ke4 43. Kb3 e5 44. dxe5 fxe5 45. a4 d4 46. a5 Rb8 47. Rc5 Re8 48. Rxe5+ Rxe5 49. Nxe5 Kxe5 50. a6 Ke4 51. a7 Ke3 52. a8=Q Kxe2 53. Qg2+ Ke3 54. Qh3+ Ke4 55. Kc4 f4 56. Qd3+ Ke5 57. Qxd4+ Kf5 58. Qf2 Ke4 59. b5 1-0

[Event "Olympiad Women 2024"]
[Site "Budapest HUN"]
[Date "2024.09.20"]
[Round "9.59"]
[Board "1"]
[White "Georgina Sackie"]
[Black "Morales Santos, Natasha"]
[Result "0-1"]
[WhiteElo "1688"]
[BlackElo "1972"]
[PlyCount "54"]
[EventDate "2024.09.11"]
[WhiteTeam "Liberia"]
[BlackTeam "Puerto Rico"]
[WhiteTeamCountry "LBR"]
[BlackTeamCountry "PUR"]

1. d4 d5 2. c4 dxc4 3. Nc3 Nf6 4. e4 e5 5. d5 b5 6. Nxb5 Nxe4 7. Bxc4 Bb4+ ({RR} 7... Bc5 8. d6 Bxf2+ 9. Kf1 Bb6 10. Qf3 Qf6 11. dxc7 Nc6 12. Bd5 Ba6 13. a4 Qxf3+ 14. Nxf3 Kd7 15. Bxe4 Bxc7 16. Be3 Bxb5+ 17. axb5 {1-0 Jobava,B (2603)-Terrieux,K (2448) FRA-ch Blitz Online Qual 2020 (12)}) ({RR} 7... Bc5 8. d6 Nxd6 9. Nxd6+ Qxd6 10. Qf3 O-O 11. a3 Nc6 12. Ne2 Nd4 13. Nxd4 Qxd4 14. Be2 e4 15. Qg3 Bd6 16. Qh4 Bf5 17. O-O Rfe8 18. Rd1 Qe5 19. Be3 c5 20. Bc4 Be7 21. Qh5 Bf6 22. Bxf7+ {1-0 Mohammad Fahad,R (2419)-Estrada Nieto,J (2218) Abu Dhabi Masters Online 2024 (5)}) 8. Kf1 O-O 9. Qc2 $146 ({RR} 9. Qf3 Nd6 10. Nxd6 cxd6 11. Ne2 f5 12. a3 Bc5 13. b4 Bb6 14. Bb2 Nd7 15. Rd1 Qh4 16. Bb5 Nf6 17. Ng3 Ne4 18. Qb3 Nxf2 19. Bxe5 dxe5 20. d6+ Kh8 21. Qd5 Bb7 22. Qxb7 Nxd1 23. Qe7 Ne3+ {0-1 Gittens,N-Hamer,M (2032) BCF-chT3 1112 (4NCL) 2011 (8.212)}) ({RR} 9. Qf3 Nd6 10. Nxd6 cxd6 11. a3 Bc5 12. Ne2 Qh4 13. Bd3 Ba6 {½-½ Roberts,B (1930)-Lovell,W (1678) GBR-ch U2050 op 104th 2017 (4)}) ({RR} 9. a3 Bc5 10. Be3 Bxe3 11. fxe3 Nd7 12. g3 Nb6 13. Ba2 Ba6 14. Qb3 Qf6+ 15. Kg2 Qf2+ 16. Kh3 Bc8+ 17. Kh4 Qf6+ 18. Kh5 Qh6# {0-1 Murahari,A (1210)-Yarmonov,I (2391) IPCA-ch Online rapid 2020 (3)}) 9... Nd6 10. Nxd6 cxd6 11. a3 Bc5 12. Nf3 Nd7 13. Bg5 Qe8 14. Bd3 h6 15. Bh4 Bb7 16. Rd1 Rc8 17. Qb3 Bb6 18. Bb1 Nc5 19. Qc2 f5 20. h3 g5 21. Bg3 Ba6+ 22. Kg1 Ne4 23. Qb3 Nxg3 24. Kh2 Ne4 25. Bxe4 fxe4 26. Nd2 Bd3 27. Rc1 Qf7 0-1

[Event "Olympiad Women 2024"]
[Site "Budapest HUN"]
[Date "2024.09.20"]
[Round "9.59"]
[Board "2"]
[White "Rivera Negron, Yanira"]
[Black "Meleh M. Davis"]
[Result "1-0"]
[WhiteElo "1805"]
[BlackElo "1602"]
[PlyCount "85"]
[EventDate "2024.09.11"]
[WhiteTeam "Puerto Rico"]
[BlackTeam "Liberia"]
[WhiteTeamCountry "PUR"]
[BlackTeamCountry "LBR"]

1. d4 d5 2. c4 c6 3. cxd5 cxd5 4. Bf4 Nc6 5. e3 Nf6 6. Nc3 Bf5 7. Qb3 Qb6 8. Qxb6 axb6 9. Bb5 e6 10. Nge2 Bb4 11. O-O ({RR} 11. f3 O-O 12. Kf2 Bg6 13. g4 Ra5 14. h4 h5 15. g5 Nd7 16. a3 Bxc3 17. Nxc3 Rfa8 18. Bd6 Nf8 19. a4 Rd8 20. Bc7 Rc8 21. Bxb6 Raa8 22. a5 Na7 23. Be2 Nc6 24. Ra4 Nd7 25. Rha1 Nxb6 {1-0 Vifleemskaia,S (1942)-Yurukova,G (1578) Swiss Queens Wed #15 2024 (10.29)}) 11... O-O 12. Bc7 Nd7 13. a3 Bxc3 $146 ({RR} 13... Be7 14. Rac1 Rfc8 15. Bf4 h6 16. h3 Bg6 17. Rfd1 Bh5 18. f3 Bg6 19. g4 Kh8 20. Bg3 Kg8 21. h4 Bh7 22. Kf2 Kh8 23. Rh1 Kg8 24. Rh2 Kh8 25. Rg1 Kg8 26. Nf4 Bc2 27. Ke1 Bh7 28. Bf2 {1-0 Dvoryadkin,M (1906)-Kruzhilin,A Saratov-ch 2011 (6)}) 14. Nxc3 Rfc8 15. Bd6 Bc2 16. Rfc1 Bb3 17. h3 Bc4 18. b4 Bxb5 19. Nxb5 Ra4 20. Rc3 Na7 21. Rxc8+ Nxc8 22. Rc1 Ra8 23. Rc7 Nxd6 24. Nxd6 Nf8 25. Rxb7 Rxa3 26. Rxb6 Ra7 27. Rc6 g6 28. b5 Nd7 29. b6 Nxb6 30. Rxb6 h5 31. Rb7 Rxb7 32. Nxb7 Kg7 33. Nc5 Kf6 34. Kh2 Kf5 35. Kg3 g5 36. h4 g4 37. Nd3 Kg6 38. Ne5+ Kf6 39. Kf4 Ke7 40. Nxf7 Kxf7 41. Kg5 Kg7 42. Kxh5 Kf6 43. Kxg4 1-0

[Event "Olympiad Women 2024"]
[Site "Budapest HUN"]
[Date "2024.09.20"]
[Round "9.59"]
[Board "3"]
[White "Abigail Karyah"]
[Black "Vega Jimenez, Keyshla M."]
[Result "0-1"]
[WhiteElo "1790"]
[BlackElo "1769"]
[PlyCount "78"]
[EventDate "2024.09.11"]
[WhiteTeam "Liberia"]
[BlackTeam "Puerto Rico"]
[WhiteTeamCountry "LBR"]
[BlackTeamCountry "PUR"]

1. d4 d5 2. c4 e6 3. Nc3 Nf6 4. cxd5 exd5 5. Bg5 c6 6. e3 h6 7. Bh4 Be7 8. Bxf6 ({RR} 8. h3 Bf5 9. Bd3 Bxd3 10. Qxd3 Nbd7 11. Nf3 O-O 12. O-O Ne4 13. Nxe4 Bxh4 14. Nc3 Be7 15. a3 a5 16. Rab1 a4 17. Ne2 Bd6 18. Qc2 Re8 19. Nc1 Qa5 20. Nd3 Rac8 21. Rfc1 b5 22. Nh4 Nb6 {1-0 Nakamura,H (2802)-Erigaisi,A (2778) Titled Tue 9th Jul Late 2024 (9)}) 8... Bxf6 9. Bd3 O-O 10. Qc2 $146 ({RR} 10. Nf3 Re8 11. O-O Nd7 12. a3 Nb6 13. h3 g6 14. Qc2 Bg7 15. Na4 Nxa4 16. Qxa4 Be6 17. b4 a6 18. Rac1 Bd7 19. Qc2 Qb6 20. Rb1 Bf8 21. Ne5 Be6 22. Bxg6 fxg6 23. Qxg6+ Bg7 24. f4 Qc7 {1-0 Corrales Jimenez,F (2543)-Bluebaum,M (2673) Titled Tuesday intern op 21st Jun Early blitz 2022 (10)}) ({RR} 10. Nf3 Re8 11. O-O g6 12. Rb1 a5 13. a3 Nd7 14. Qc2 Kg7 15. h3 Nb6 16. b4 axb4 17. axb4 Qe7 18. b5 c5 19. dxc5 Qxc5 20. Rfc1 Be6 21. Ne2 Qxc2 22. Rxc2 Rec8 23. Ned4 Bd7 24. Rbc1 Rxc2 {0-1 Devaev,A (2325)-Makarian,R (2537) Titled Tue 13th Aug Early 2024 (1)}) 10... Re8 11. Nge2 Nd7 12. O-O Nf8 13. Rab1 a5 14. a3 Bd7 15. b4 b5 16. Nc1 axb4 17. axb4 Be7 18. N1e2 Bd6 19. Rfc1 Qe7 20. Qb2 Ne6 21. Rc2 Ra7 22. Nc1 Rea8 23. Be2 Ng5 24. Bd3 Ne4 25. Bf1 Nxc3 26. Qxc3 Ra3 27. Qd2 Ra1 28. Rcb2 R8a4 29. Na2 Rxb1 30. Rxb1 Bf5 31. Rb2 Qa7 32. Nc1 Qc7 33. g3 Qd7 34. Bd3 Bh3 35. Rb1 Qe7 36. Na2 Qf6 37. Rc1 Qf3 38. Bf1 Bxf1 39. Rxf1 h5 0-1

[Event "Olympiad Women 2024"]
[Site "Budapest HUN"]
[Date "2024.09.20"]
[Round "9.60"]
[Board "1"]
[White "Jambo, Linda"]
[Black "Lopez L., Dairyn D."]
[Result "0-1"]
[WhiteElo "1629"]
[BlackElo "1740"]
[PlyCount "58"]
[EventDate "2024.09.11"]
[WhiteTeam "Malawi"]
[BlackTeam "Guatemala"]
[WhiteTeamCountry "MWI"]
[BlackTeamCountry "GUA"]

1. e4 d6 2. d4 g6 3. Nf3 Bg7 4. Be3 Nf6 5. Nc3 a6 6. Be2 b5 ({RR} 6... O-O 7. O-O Nc6 8. d5 Nb8 9. a4 e5 10. Nd2 Ne8 11. a5 f5 12. f3 f4 13. Bf2 g5 14. Na4 h5 15. c4 Nd7 16. b4 Rf7 17. c5 Bf8 18. Nc4 Rg7 19. cxd6 cxd6 20. Kh1 Nef6 21. Nab6 {1-0 Dvirnyy,D (2491)-Margarido,J (2087) Portuguese Top League 2024 (4.15)}) 7. O-O O-O 8. a3 Bb7 9. e5 $146 ({RR} 9. Qd3 Nbd7 10. d5 c5 11. dxc6 Bxc6 12. Bd4 Qc7 13. Rfe1 Qb7 14. Bf1 Rfd8 15. Rad1 Rac8 16. Nd2 e5 17. Be3 Nc5 18. Bxc5 dxc5 19. Qe3 Rd4 20. f3 c4 21. Be2 Bf8 22. Kh1 Bc5 23. Qg5 Nd7 {0-1 Szukics,A (1600)-Kaczur,F (2024) EU Union-ch U12 8th 2010 (1)}) 9... Ng4 10. Bf4 Nd7 11. h3 dxe5 12. Nxe5 Ngxe5 13. dxe5 Nxe5 14. Bh2 Qc8 15. f4 Nc6 16. Bf3 Nd4 17. Bxb7 Qxb7 18. Rc1 Rad8 19. Qe1 Nf5 20. Rd1 Rxd1 21. Nxd1 Bd4+ 22. Kh1 Rd8 23. c3 Bf6 24. Bg1 Rd3 25. Ne3 Bh4 26. Qb1 Nxe3 27. Bxe3 Rxe3 28. Kg1 Re2 29. Rf2 Rxf2 0-1

[Event "Olympiad Women 2024"]
[Site "Budapest HUN"]
[Date "2024.09.20"]
[Round "9.60"]
[Board "2"]
[White "Raymundo, Deycy Daniela"]
[Black "Namangale, Susan"]
[Result "1-0"]
[WhiteElo "1728"]
[BlackElo "1521"]
[PlyCount "79"]
[EventDate "2024.09.11"]
[WhiteTeam "Guatemala"]
[BlackTeam "Malawi"]
[WhiteTeamCountry "GUA"]
[BlackTeamCountry "MWI"]

1. e4 Nc6 2. d4 e6 3. Nf3 d5 4. e5 f5 ({RR} 4... Qd7 5. c3 b6 6. Bd3 Bb7 7. h4 O-O-O 8. b4 Kb8 9. Qe2 f6 10. Ba6 fxe5 11. Bxb7 Kxb7 12. b5 Na5 13. Nxe5 Qe8 14. Nd2 Bd6 15. Nb3 Bxe5 16. Nxa5+ bxa5 17. Qxe5 Nf6 18. O-O Nd7 19. Qg3 {1-0 Margolin,B (2415)-Tataev,M (2395) Voskresensk2 1993}) 5. Bg5 ({RR} 5. exf6 Nxf6 6. Bd3 Bd6 7. O-O O-O 8. Re1 Qe8 9. c3 Qh5 10. Nbd2 Bd7 11. Nf1 Rae8 12. Ng3 Bxg3 13. fxg3 e5 14. Nxe5 Qxd1 15. Rxd1 Nxe5 16. dxe5 Rxe5 17. Bf4 Re6 18. Bxc7 Bc6 19. Re1 Rfe8 {½-½ Joel O. Ebiekuta (1855)-Foday W. Kondoh (1727) African Zonal 4.2 Open 2023 (8.10)}) 5... Be7 $146 ({RR} 5... Qd7 6. Nh4 b6 7. c3 Nce7 8. a4 a5 9. Na3 Bb7 10. Be2 O-O-O 11. b4 axb4 12. cxb4 Ng6 13. Bxd8 Bxb4+ 14. Kf1 Kxd8 15. Nxg6 hxg6 {½-½ Boecking,U (1709)-Kalhorn,S (2027) Mecklenburg VP LL2 Ost 0001 2000 (7.2)}) ({RR} 5... Qd7 6. h4 h6 7. Be3 g6 8. Nc3 Qf7 9. Ne2 Bd7 10. Nf4 Nge7 11. Qd2 O-O-O 12. b3 Kb8 13. a3 Rh7 14. Be2 Nc8 15. c4 Be7 16. cxd5 exd5 17. Nd3 Qg7 18. Qc3 Rg8 19. Nc5 Bxc5 20. Qxc5 {1-0 Velickovic,S (2377)-Maric,D (2211) Belgrade-ch 2014 (6)}) 6. h4 b6 7. Bb5 Bb7 8. c3 Qd7 9. Nbd2 a6 10. Ba4 h6 11. Bf4 b5 12. Bc2 Bf8 13. Qe2 Nge7 14. Nh2 Ng6 15. Qh5 Qf7 16. Be3 f4 17. Bxg6 Qxg6 18. Qxg6+ Kd7 19. Bxf4 Ne7 20. Qd3 Nf5 21. Nhf3 Be7 22. O-O-O Raf8 23. Be3 Bd8 24. Nb3 c6 25. Nc5+ Kc8 26. Nxe6 Rf7 27. Nxd8 Kxd8 28. e6 Rf6 29. Ne5 Kc8 30. g4 Nxe3 31. Qxe3 Rxe6 32. f4 Rhe8 33. f5 Rf6 34. Qf4 Kc7 35. g5 Rff8 36. Ng6+ Kb6 37. Nxf8 Rxf8 38. Rde1 hxg5 39. hxg5 g6 40. Re7 1-0

[Event "Olympiad Women 2024"]
[Site "Budapest HUN"]
[Date "2024.09.20"]
[Round "9.60"]
[Board "3"]
[White "Msukwa, Tupokiwe"]
[Black "Santiago Sontay, Jenny Fernanda"]
[Result "1/2-1/2"]
[WhiteElo "1674"]
[BlackElo "1773"]
[PlyCount "65"]
[EventDate "2024.09.11"]
[WhiteTeam "Malawi"]
[BlackTeam "Guatemala"]
[WhiteTeamCountry "MWI"]
[BlackTeamCountry "GUA"]

1. d4 d5 2. c4 e5 3. e3 exd4 4. Qxd4 Nc6 5. Qxd5 Qxd5 6. cxd5 Nb4 7. Na3 ({RR} 7. Bb5+ c6 8. dxc6 bxc6 9. a3 cxb5 10. axb4 Bxb4+ 11. Bd2 Bc5 12. Nc3 Bd7 13. Nf3 Nf6 14. Ne5 a6 15. Ke2 Ke7 16. Nxd7 Kxd7 17. Rhc1 Be7 18. e4 Rhc8 19. f3 Ke6 20. g4 Bd8 21. g5 Nd7 {1-0 Aguero Jimenez,L (2403)-Otero Acosta,D (2417) Basarrate Memorial 2010 (9)}) 7... Nxd5 8. Nc2 Ngf6 $146 ({RR} 8... Bf5 9. Nd4 Bg6 10. Bb5+ c6 11. Nxc6 a6 12. Nb4+ axb5 13. Nxd5 Be4 14. Nc7+ Kd7 15. Nxa8 Bxg2 16. Bd2 Nf6 17. Nb6+ Kc6 18. Ba5 b4 19. Ne2 {1-0 Posuniak,K (1831)-Bugalski,M (2240) Gdansk op 13th 2011 (9)}) ({RR} 8... Bd7 9. Bc4 Nb6 10. Be2 Nf6 11. Nf3 Bd6 12. O-O O-O 13. b3 Rfe8 14. Bb2 Ne4 15. Rad1 Rad8 16. Nd2 Nxd2 17. Rxd2 Bf5 18. Nd4 Bg6 19. Nf3 Bb4 20. Rxd8 Rxd8 21. Rd1 Rxd1+ 22. Bxd1 Nd5 23. a3 {½-½ Szatmary,R (2090)-Farkas,R (1960) HUN-chT2 Erkel 1011 2010 (1.7)}) ({RR} 8... Bb4+ 9. Bd2 Bxd2+ 10. Kxd2 Ngf6 11. Bd3 O-O 12. Nf3 Re8 13. h3 Ne4+ 14. Bxe4 Rxe4 15. Rhd1 Bf5 16. Ncd4 Bg6 17. Rac1 h6 18. a3 f5 19. g3 Rd8 20. Re1 Bh7 21. Ng1 g5 22. Nge2 Re7 23. Red1 {½-½ Ogbogho,D-Magana,B (2076) Lagos op 2014 (1)}) 9. Nf3 g6 10. b3 Bg7 11. Bb2 O-O 12. Bd3 Rd8 13. Rd1 Bd7 14. O-O Be8 15. Bd4 a5 16. a4 Nb6 17. Bxb6 cxb6 18. Bc4 Rac8 19. Rxd8 Rxd8 20. Ncd4 Rc8 21. Rc1 Rc5 22. Rb1 Bxa4 23. Bxf7+ Kxf7 24. bxa4 h6 25. h3 Nd5 26. Nb5 Bf8 27. Ne5+ Kg7 28. Nd7 Rc4 29. Ra1 Bb4 30. Ne5 Re4 31. Nd3 Bc5 32. Rd1 Ne7 33. Nxc5 1/2-1/2

[Event "Olympiad Women 2024"]
[Site "Budapest HUN"]
[Date "2024.09.20"]
[Round "9.60"]
[Board "4"]
[White "Mazariegos, Silvia Carolina"]
[Black "Jaylos Rachel"]
[Result "1-0"]
[WhiteElo "1878"]
[BlackElo "1540"]
[PlyCount "120"]
[EventDate "2024.09.11"]
[WhiteTeam "Guatemala"]
[BlackTeam "Malawi"]
[WhiteTeamCountry "GUA"]
[BlackTeamCountry "MWI"]

1. e4 e5 2. d4 exd4 3. Qxd4 Nc6 4. Qc4 d6 ({RR} 4... Nf6 5. Nc3 Bb4 6. Bd2 O-O 7. O-O-O Re8 8. f3 a5 9. Nge2 Ne5 10. Qb3 d6 11. Nf4 c6 12. Be3 Qc7 13. a3 Bc5 14. Bxc5 dxc5 15. Na4 Ned7 16. Qe3 b5 17. Nc3 b4 18. Na4 bxa3 19. bxa3 {0-1 Firouzja,A (2760)-Duda,J (2731) Titled Tue 30th Apr Late 2024 (6)}) 5. Nc3 Be6 6. Qe2 Nf6 7. f4 $146 ({RR} 7. Be3 Be7 8. f3 O-O 9. O-O-O a6 10. g4 b5 11. g5 Nd7 12. f4 Bc4 13. Qh5 Bxf1 14. Rxf1 f5 15. exf5 Rxf5 16. Nf3 g6 17. Qg4 Qe8 18. Bd2 Nc5 19. Re1 Qf8 20. Nh4 Rf7 21. Nd5 b4 {1-0 Garcia Correa,J (2103)-Oliveira,T (1964) Titled Tue 23rd Apr Late 2024 (11)}) ({RR} 7. Bf4 Be7 8. O-O-O Qc8 9. h3 O-O 10. g4 Nd7 11. Kb1 Bf6 12. Nd5 Bxd5 13. exd5 Nb4 14. g5 Be5 15. Bc1 g6 16. h4 c6 17. f4 Bg7 18. dxc6 bxc6 19. Bh3 Rb8 20. f5 Re8 21. Qd2 Nxa2 {1-0 Krysa,L (2527)-Martinez Alcantara,J (2620) Titled Tuesday intern op 16th Feb blitz 2021 (3)}) 7... Be7 8. Nf3 Bg4 9. Be3 Bxf3 10. Qxf3 O-O 11. O-O-O Qe8 12. g4 h6 13. h4 Qd7 14. Be2 g6 15. g5 Ne8 16. gxh6 Kh7 17. h5 Nf6 18. e5 Nxh5 19. Rxh5 gxh5 20. Bd3+ Kh8 21. Qxh5 f5 22. Bb5 a6 23. Bxc6 bxc6 24. Bd4 Qe6 25. exd6+ Bf6 26. Bxf6+ Rxf6 27. dxc7 Rff8 28. Qe2 Qxe2 29. Nxe2 Kh7 30. Rd6 Rg8 31. Nd4 c5 32. Nxf5 Rge8 33. Rd7+ Kg6 34. Nd6 Rf8 35. c8=Q Raxc8 36. Nxc8 Rxc8 37. Rd6+ Kh7 38. Kd2 Re8 39. Rxa6 Rd8+ 40. Kc3 Rf8 41. Rc6 Rxf4 42. Rxc5 Kxh6 43. b3 Kg6 44. a4 Kf6 45. Rd5 Ke6 46. Rd3 Ke7 47. b4 Rf1 48. Kc4 Rc1 49. c3 Ra1 50. a5 Ke6 51. Kb5 Ke5 52. a6 Ke4 53. Rd6 Ke5 54. Rh6 Kd5 55. c4+ Kd4 56. Rh4+ Kc3 57. c5 Rb1 58. a7 Ra1 59. Kb6 Ra4 60. Kb7 Rxb4+ 1-0

[Event "Olympiad Women 2024"]
[Site "Budapest HUN"]
[Date "2024.09.20"]
[Round "9.61"]
[Board "1"]
[White "Aliu, Arlinda"]
[Black "Al Aisaee, Anat"]
[Result "1-0"]
[WhiteElo "1780"]
[BlackElo "1608"]
[PlyCount "57"]
[EventDate "2024.09.11"]
[WhiteTeam "Kosovo"]
[BlackTeam "Oman"]
[WhiteTeamCountry "KOS"]
[BlackTeamCountry "OMN"]

1. d4 d5 2. Bf4 Nf6 3. Nf3 c5 4. e3 Nc6 5. Nbd2 e6 6. c3 Bd6 7. Bg3 O-O 8. Bd3 Re8 9. Ne5 cxd4 10. exd4 Qc7 ({RR} 10... Bxe5 11. dxe5 Nd7 12. Qh5 g6 13. Qe2 Nc5 14. O-O Nxd3 15. Qxd3 Qb6 16. Rab1 Qa6 17. Qe3 Ne7 18. Bf4 Nf5 19. Qh3 Bd7 20. g4 Ng7 21. Bg5 Rec8 22. Rfe1 Bc6 23. Bf6 d4 {½-½ Demidov,M (2513)-Riazantsev,A (2671) RUS-ch blitz 2015 (3)}) 11. Ndf3 ({RR} 11. f4 Ne7 12. Bf2 Nd7 13. Bxh7+ Kf8 14. Bd3 Nf6 15. O-O g6 16. g4 Kg7 17. Bg3 Rh8 18. Qe2 Bd7 19. Rae1 Rh3 20. Ndf3 Be8 21. Ng5 Rh8 22. f5 exf5 23. gxf5 Rh5 24. h4 gxf5 25. Bxf5 Qb6 {1-0 Pakleza,Z (2482)-Portal Ramos,C (2115) Titled Tue 5th Mar Early 2024 (3)}) 11... Nd7 $146 ({RR} 11... Ne4 12. Qe2 f5 13. Nxc6 bxc6 14. Bxd6 Qxd6 15. O-O Rb8 16. Rab1 Re7 17. Ne1 c5 18. Nf3 Reb7 19. dxc5 Qxc5 20. Nd4 e5 21. Nb3 Qd6 22. Rfd1 Nf6 23. h3 Be6 24. Re1 e4 25. Bc2 a5 26. Bd1 {1-0 Rojas Castillo,A (1684)-Rodriguez Martinez,E (1604) COL pre olympic sf3 2019 (4)}) ({RR} 11... Rb8 12. O-O b5 13. Nxc6 Qxc6 14. Ne5 Qc7 15. Qe2 a6 16. a4 b4 17. cxb4 Rxb4 18. Bxa6 Bxa6 19. Qxa6 Rxb2 20. Rfc1 Qb6 21. Qd3 Bxe5 22. Bxe5 Ne4 23. a5 Qa7 24. Rc7 Rb7 25. Rxb7 Qxb7 26. Rb1 {1-0 Gering,J (1423)-Mehner,L (1602) GER-chT U14 Willingen 2022 (3.8)}) 12. Bxh7+ Kxh7 13. Ng5+ Kg8 14. Nexf7 Bxg3 15. hxg3 Kf8 16. Rh8+ Ke7 17. Rxe8+ Kxe8 18. Nxe6 Qb6 19. Nd6+ Ke7 20. Nxc8+ Rxc8 21. Qe2 Kf7 22. O-O-O Nb4 23. Re1 Nxa2+ 24. Kc2 Nb4+ 25. Kb1 Rxc3 26. Qh5+ g6 27. Qh7+ Kf6 28. Qg7+ Kf5 29. g4+ 1-0

[Event "Olympiad Women 2024"]
[Site "Budapest HUN"]
[Date "2024.09.20"]
[Round "9.61"]
[Board "2"]
[White "Al Balushi, Mariya"]
[Black "Recica, Jona"]
[Result "0-1"]
[WhiteElo "1561"]
[BlackElo "1791"]
[PlyCount "60"]
[EventDate "2024.09.11"]
[WhiteTeam "Oman"]
[BlackTeam "Kosovo"]
[WhiteTeamCountry "OMN"]
[BlackTeamCountry "KOS"]

1. e4 e5 2. Nf3 Nc6 3. Bb5 a6 4. Ba4 Nf6 5. d4 exd4 6. e5 Nd5 7. Nxd4 Nxd4 ({RR} 7... Be7 8. O-O O-O 9. Nxc6 dxc6 10. c4 Nb6 11. Bb3 Be6 12. Qe2 Qd4 13. Rd1 Bxc4 14. Rxd4 Bxe2 15. Bf4 Rad8 16. Rxd8 Rxd8 17. Nc3 Nd5 18. Nxd5 cxd5 19. Rc1 c5 20. Be3 d4 21. Bd2 b5 22. Re1 {0-1 Wang,A (1851)-Baloglu,D (1896) Titled Tue 6th Feb Late 2024 (4)}) 8. Qxd4 Nb6 9. Bb3 d6 $146 ({RR} 9... Be7 10. O-O O-O 11. Bf4 c6 12. Nc3 Qc7 13. e6 Bf6 14. exf7+ Kh8 15. Qxf6 {1-0 Didi,J (2031)-Lojek,M Orlova op 8th 2011 (1)}) ({RR} 9... d5 10. exd6 Qxd6 11. Qe4+ Be7 12. O-O O-O 13. Nc3 Bf6 14. Bf4 Qc5 15. Rad1 Rb8 16. Qf3 Bxc3 17. bxc3 Bd7 18. Qg3 Bf5 19. Bxc7 Rbc8 20. Bd6 Qxc3 21. Bxf8 Kxf8 22. Qd6+ {1-0 Didi,J (2120)-Olsarova,K (1864) Karvina op 2005 (4)}) 10. O-O c5 11. Qf4 d5 12. Nc3 Be6 13. Ba4+ Nxa4 14. Nxa4 d4 15. b3 b5 16. Nb2 Qc8 17. Qg3 Bf5 18. c3 dxc3 19. Qxc3 Qe6 20. Be3 Rc8 21. f4 Be7 22. Rfd1 O-O 23. Rac1 f6 24. Nd3 c4 25. bxc4 Rxc4 26. Qb2 Ra4 27. Bc5 Rxa2 28. Bxe7 Rxb2 29. Bxf8 Bxd3 30. Bd6 Qd5 0-1

[Event "Olympiad Women 2024"]
[Site "Budapest HUN"]
[Date "2024.09.20"]
[Round "9.61"]
[Board "3"]
[White "Saraci, Rinesa"]
[Black "Al Ghafri, Alanoud"]
[Result "1-0"]
[WhiteElo "1757"]
[BlackElo "1546"]
[PlyCount "57"]
[EventDate "2024.09.11"]
[WhiteTeam "Kosovo"]
[BlackTeam "Oman"]
[WhiteTeamCountry "KOS"]
[BlackTeamCountry "OMN"]

1. e4 e5 2. Nf3 d6 3. d4 Bg4 4. Be2 Nd7 5. O-O ({RR} 5. Nc3 Ngf6 6. Be3 Be7 7. h3 Bxf3 8. gxf3 c6 9. Rg1 g6 10. f4 Qc7 11. Qd2 exd4 12. Bxd4 Nf8 13. e5 dxe5 14. fxe5 Nd5 15. Nxd5 cxd5 16. e6 f6 17. Bb5+ Kd8 18. Bxf6 Bxf6 19. Qxd5+ Ke7 {0-1 Drnovsek,G (2397)-Goroshkov,M (2261) Titled Tue 31st Jan Late 2023 (11)}) 5... Ngf6 6. Nc3 Qe7 7. dxe5 $146 ({RR} 7. Be3 a6 8. Re1 h6 9. Nd5 Qd8 10. dxe5 Nxe5 11. Nxe5 Bxe2 12. Rxe2 dxe5 13. f4 Bd6 14. Qd3 O-O 15. f5 c6 16. Bb6 Bc5+ 17. Bxc5 cxd5 18. exd5 Re8 19. c4 Qd7 20. Rae1 e4 21. Qh3 Rac8 {0-1 Walther,H-Serifovic,A Pfalz-op Landau 1996}) ({RR} 7. Bg5 O-O-O 8. Qd3 h6 9. Bh4 g5 10. Bg3 Nh5 11. Nd5 Qe8 12. Qc3 c6 13. Nb4 exd4 14. Nxd4 Bxe2 15. Nxe2 Bg7 16. Qa3 Nxg3 17. Nxg3 Bd4 18. Nd3 Nf6 19. Rae1 a6 20. Nf5 Be5 21. Qb4 h5 {½-½ Didt,H (1885)-Petersohn,S (1003) Leipzig VfB op 20th 2013 (3)}) 7... dxe5 8. Bg5 c6 9. Nd2 Bxe2 10. Qxe2 O-O-O 11. Nc4 h6 12. Be3 Kb8 13. Rad1 Qe6 14. f4 exf4 15. Bxf4+ Ka8 16. Bd6 Bxd6 17. Rxd6 Qe7 18. e5 Ne8 19. Rd2 f6 20. e6 Nc5 21. Rxd8+ Qxd8 22. Rd1 Qe7 23. b4 Na6 24. Rd7 Qxb4 25. Rd8+ Nb8 26. Qd3 Qe7 27. Qd4 c5 28. Nb6+ axb6 29. Qa4# 1-0